Wanita & hormon (Record no. 127387)

MARC details
000 -LEADER
fixed length control field 00867nam a2200277 i 4500
001 - CONTROL NUMBER
control field C2-0327859
003 - CONTROL NUMBER IDENTIFIER
control field PPAK
005 - DATE AND TIME OF LATEST TRANSACTION
control field 20180728125411.0
008 - FIXED-LENGTH DATA ELEMENTS--GENERAL INFORMATION
fixed length control field 140713s2010 my a|||| ||||| | may d
020 ## - INTERNATIONAL STANDARD BOOK NUMBER
International Standard Book Number 9789671021705
040 ## - CATALOGING SOURCE
Original cataloging agency PPAK
Language of cataloging eng
Transcribing agency PPAK
Description conventions rda
082 04 - DEWEY DECIMAL CLASSIFICATION NUMBER
Classification number 613.04244
Edition number 23
090 00 - LOCALLY ASSIGNED LC-TYPE CALL NUMBER (OCLC); LOCAL CALL NUMBER (RLIN)
Classification number (OCLC) (R) ; Classification number, CALL (RLIN) (NR) 613.04244
Feature heading NOO
Feature heading G
Classification number (OCLC) (R) ; Classification number, CALL (RLIN) (NR) 613.04244
Feature heading NOO
Feature heading R
100 0# - MAIN ENTRY--PERSONAL NAME
Personal name Noor Zaman Khan,
Titles and words associated with a name Dr.
Relator term author
245 10 - TITLE STATEMENT
Title Wanita & hormon
264 #1 - PRODUCTION, PUBLICATION, DISTRIBUTION, MANUFACTURE, AND COPYRIGHT NOTICE
Place of production, publication, distribution, manufacture [Johor Bahru, Johor] :
Name of producer, publisher, distributor, manufacturer Pama Medical Cosmetology Beauty Skin Care ,
Date of production, publication, distribution, manufacture, or copyright notice 2010
300 ## - PHYSICAL DESCRIPTION
Extent 198 pages :
Other physical details colour illustrations ;
Dimensions 26 cm
336 ## - CONTENT TYPE
Source rdacontent
Content type term text
337 ## - MEDIA TYPE
Source rdamedia
Media type term unmediated
338 ## - CARRIER TYPE
Source rdacarrier
Carrier type term volume
500 ## - GENERAL NOTE
General note Original title my queen secret
650 10 - SUBJECT ADDED ENTRY--TOPICAL TERM
Topical term or geographic name entry element Women - Health and hygiene. ; Menopause - Hormone theraphy.
700 1# - ADDED ENTRY--PERSONAL NAME
Personal name Jiheng, Edwin,
Relator term editor
942 ## - ADDED ENTRY ELEMENTS (KOHA)
-- dc
Koha item type Book
Holdings
Withdrawn Not for loan Current library Shelving location Date acquired Full call number Barcode Date last seen Koha item type Total Checkouts
    Perpustakaan Baling Pinjaman Dewasa 07/05/2015 613.04244 NOO A00874201 09/05/2018 Book  
    Bergerak 1, Alor Setar Pinjaman Dewasa 07/05/2015 613.04244 NOO A00874202 09/05/2018 Book  
  Not For Loan PD01, Kg. Bendang Raja, Kuala Nerang Rujukan Dewasa 23/07/2014 R 613.04244 NOO A00870645 09/05/2018 Book  
    PD04, Kg. Bukit Nambua, Kuala Nerang Pinjaman Dewasa 09/03/2017 613.04244 NOO A00730116 09/05/2018 Book  
    PD18, Kg. Wang Tepus, Jitra Pinjaman Dewasa 24/02/2022 613.04244 NOO A00744247 24/02/2022 Book  
  Not For Loan PD25, KEDA Batu 13, Pokok Sena Rujukan Dewasa 04/02/2015 R 613.04244 NOO A00873382 09/05/2018 Book  
    PD31, Kg. Gelam, Bedong Pinjaman Dewasa 30/04/2015 613.04244 NOO A00874005 09/05/2018 Book  
  Not For Loan PD38, KEDA Tanjung Setol, Pendang Rujukan Dewasa 04/01/2015 R 613.04244 NOO A00872749 09/05/2018 Book  
    e-Pustaka 2 - Alor Setar Pinjaman Dewasa 07/05/2015 613.04244 NOO A00874252 09/05/2018 Book